TEXT AND PRACTICAL MICROBIOLOGY FOR MLT [ 4TH ED.] (Record no. 8799)

MARC details
000 -LEADER
fixed length control field 00502nam a22001817a 4500
005 - DATE AND TIME OF LATEST TRANSACTION
control field 20251209114101.0
008 - FIXED-LENGTH DATA ELEMENTS--GENERAL INFORMATION
fixed length control field 250909b |||||||| |||| 00| 0 eng d
020 ## - INTERNATIONAL STANDARD BOOK NUMBER
ISBN 978-93-6059-892-1
041 ## - LANGUAGE CODE
Language code of text/sound track or separate title eng
082 ## - DEWEY DECIMAL CLASSIFICATION NUMBER
Classification number 616.904 1 BAV-T
100 ## - MAIN ENTRY--AUTHOR NAME
Personal name BAVEJA, C P AND BAVEJA, V.
245 ## - TITLE STATEMENT
Title TEXT AND PRACTICAL MICROBIOLOGY FOR MLT [ 4TH ED.]
250 ## - EDITION STATEMENT
Edition statement 4TH ED.
260 ## - PUBLICATION, DISTRIBUTION, ETC. (IMPRINT)
Place of publication NEW DELHI
Name of publisher ARYA PUBLISHING COMPANY
Year of publication 2024
300 ## - PHYSICAL DESCRIPTION
Number of Pages 359,P
650 ## - SUBJECT ADDED ENTRY--TOPICAL TERM
Topical Term PARAMEDICAL
General subdivision BMIRT
942 ## - ADDED ENTRY ELEMENTS (KOHA)
Koha item type Books
Holdings
Lost status Damaged status Collection code Home library Current library Shelving location Date acquired Source of acquisition Cost, normal purchase price Full call number Accession Number Koha item type Serial Enumeration / chronology
    PARAMEDICAL JRU Library JRU Library Reference Section 09/09/2025 PURCHASE 745.00 616.904 1 28772 Books  
    PARAMEDICAL JRU Library JRU Library SHELF-104-D 09/09/2025 PURCHASE 745.00 616.904 1 28773 Books  
    PARAMEDICAL JRU Library JRU Library SHELF-104-D 09/09/2025 PURCHASE 745.00 616.904 1 28774 Books  
    PARAMEDICAL JRU Library JRU Library SHELF-104-D 09/09/2025 PURCHASE 745.00 616.904 1 28775 Books  
    PARAMEDICAL JRU Library JRU Library SHELF-104-F 09/09/2025 PURCHASE 745.00 616.904 1 28776 Books  
    PARAMEDICAL JRU Library JRU Library SHELF-104-D 02/12/2025 PURCHASE 850.00 616.904 1 BAV-T 29127 Books LBI-000811/28-11-2025
    PARAMEDICAL JRU Library JRU Library SHELF-104-D 02/12/2025 PURCHASE 850.00 616.904 1 BAV-T 29128 Books LBI-000811/28-11-2025
    PARAMEDICAL JRU Library JRU Library SHELF-104-D 02/12/2025 PURCHASE 850.00 616.904 1 BAV-T 29129 Books LBI-000811/28-11-2025
    PARAMEDICAL JRU Library JRU Library SHELF-104-D 02/12/2025 PURCHASE 850.00 616.904 1 BAV-T 29130 Books LBI-000811/28-11-2025
    PARAMEDICAL JRU Library JRU Library SHELF-104-D 02/12/2025 PURCHASE 850.00 616.904 1 BAV-T 29131 Books LBI-000811/28-11-2025